Die 12 olympischen Götter - Statistiken

Allgemein
  • Dieses Quiz wurde 82 mal gespielt
  • Das Durchschnittsergebnis liegt bei 7 aus 12
Antwortstatistiken
Antworten % Korrekt
Zeus
99%
Poseidon
81%
Hera
79%
Hermes
75%
Aphrodite
68%
Athene
64%
Ares
58%
Apollon
49%
Artemis
44%
Hephaistos
38%
Dionysos
35%
Demeter
33%
Keine übereinstimmenden Quizze gefunden
Verteilung der Resultate
Anzahl Personen mit jedem Resultat
Perzentil nach korrekt beantworteten Fragen
Ihre Resultats-Entwicklung
Sie haben dieses Quiz noch nicht gespielt